The informed infrastructure client (Record no. 115583)

MARC details
000 -LEADER
fixed length control field 01520cad a22002535a 4500
001 - CONTROL NUMBER
control field L158913
008 - FIXED-LENGTH DATA ELEMENTS--GENERAL INFORMATION
fixed length control field 130206s2015 xxk f 000 0 eng d
020 ## - INTERNATIONAL STANDARD BOOK NUMBER
International Standard Book Number 9781783211043
035 ## - SYSTEM CONTROL NUMBER
System control number (Sirsi) u158913
041 0# - LANGUAGE CODE
Language code of text/sound track or separate title eng
110 2# - MAIN ENTRY--CORPORATE NAME
Corporate name or jurisdiction name as entry element Royal Institution of Chartered Surveyors
9 (RLIN) 4900
245 #4 - TITLE STATEMENT
Title The informed infrastructure client
Medium [electronic resource]
260 ## - PUBLICATION, DISTRIBUTION, ETC.
Place of publication, distribution, etc. London
Name of publisher, distributor, etc. RICS
Date of publication, distribution, etc. 2015
300 ## - PHYSICAL DESCRIPTION
Extent 26p.
490 #0 - SERIES STATEMENT
Series statement RICS Guidance Note
520 ## - SUMMARY, ETC.
Summary, etc. Effective from 1st December 2015. Summarises how a client becomes 'informed' when preparing to deliver a project. For the purposes of this guidance note, the client is 'the body responsible for delivering the project including suppliers accountable within the governance structure'. Intended for RICS members practising in the infrastructure sector, either providing services to an infrastructure client or working within an infrastructure client organisation. The scope of infrastructure follows the description in the Infrastructure UK (IUK) Routemap of transport, flood protection, energy, communications, and water and waste management.
590 ## - LOCAL NOTE (RLIN)
Local note KA
650 24 - SUBJECT ADDED ENTRY--TOPICAL TERM
Topical term or geographic name entry element Procurement
9 (RLIN) 6260
651 #4 - SUBJECT ADDED ENTRY--GEOGRAPHIC NAME
Geographic name International
690 ## - LOCAL SUBJECT ADDED ENTRY--TOPICAL TERM (OCLC, RLIN)
Topical term or geographic name as entry element Infrastructure
9 (RLIN) 6246
690 ## - LOCAL SUBJECT ADDED ENTRY--TOPICAL TERM (OCLC, RLIN)
Topical term or geographic name as entry element Planning and development
9 (RLIN) 6259
856 40 - ELECTRONIC LOCATION AND ACCESS
Uniform Resource Identifier <a href="https://www.rics.org/profession-standards/rics-standards-and-guidance/sector-standards/construction-standards/the-informed-infrastructure-client">https://www.rics.org/profession-standards/rics-standards-and-guidance/sector-standards/construction-standards/the-informed-infrastructure-client</a>
Public note View the guidance free of charge (member-only content) at www.rics.org
942 ## - ADDED ENTRY ELEMENTS (KOHA)
Suppress in OPAC 0
Source of classification or shelving scheme Dewey Decimal Classification
Holdings
Withdrawn status Lost status Source of classification or shelving scheme Damaged status Not for loan Home library Current library Shelving location Date acquired Total Checkouts Full call number Barcode Date last seen Copy number Price effective from Koha item type
    Dewey Decimal Classification     London London RICS Boxes 15/12/2015   RICS 2015/9 30078829 06/08/2019 1 06/08/2019 Book
    Dewey Decimal Classification     London London RICS Boxes 15/12/2015   RICS 2015/9 30078832 06/08/2019 2 06/08/2019 Book
    Dewey Decimal Classification     London London RICS Boxes 15/12/2015   RICS 2015/9 30078830 06/08/2019 3 06/08/2019 Archive
    Dewey Decimal Classification     Virtual Virtual Online 30/09/2015   ONLINE PUBLICATION 158913-2001 22/03/2023 4 06/08/2019 Book